NBA 2020-2021 Starter - Statistics

General Stats
  • This quiz has been taken 33 times
  • The average score is 87 of 150
Answer Stats
Team Position Players % Correct
Hawks PG Trae Young
97%
Nets SG James Harden
90%
Celtics SF Jayson Tatum
90%
Celtics PG Kemba Walker
90%
Lakers PF Anthony Davis
87%
Nets SF Bruce Brown
87%
Bucks PF Giannis Antetokounmpo
87%
Celtics SG Jaylen Brown
87%
Lakers SF Lebron James
87%
Celtics C Tristan Thompson
87%
Nets PG Kyrie Irving
83%
Pelicans PG Lonzo Ball
83%
Bulls PF Patrick Williams
83%
Wizards PG Russell Westbrook
83%
Warriors PG Stephen Curry
83%
Wizards SG Bradley Beal
80%
Bucks C Brook Lopez
80%
Hawks C Clint Capela
80%
76ers SF Danny Green
80%
Warriors PF Draymond Green
80%
Grizzlies PG Ja Morant
80%
Heat SF Jimmy Butler
80%
Bucks PG Jrue Holiday
80%
Knicks PF Julius Randle
80%
Pacers SG Justin Holiday
80%
Timberwolves C Karl Anthony-Towns
80%
Clippers SF Kawhi Leonard
80%
Bucks SF Khris Middleton
80%
76ers SG Seth Curry
80%
Pelicans PF Zion Williamson
80%
Pistons PF Blake Griffin
77%
Trail Blazers PG Damian Lillard
77%
Nets C DeAndre Jordan
77%
76ers C Joel Embiid
77%
Rockets PG John Wall
77%
Raptors PG Kyle Lowry
77%
Mavericks PG Luke Doncic
77%
Lakers C Marc Gasol
77%
Nuggets C Nikola Jokic
77%
Clippers SG Paul George
77%
Pelicans C Steven Adams
77%
Bulls SG Zach Lavine
77%
Warriors SF Andrew Wiggins
73%
Pelicans SF Brandon Ingram
73%
Trail Blazers SG CJ McCollum
73%
Spurs PG Dejounte Murray
73%
Jazz SG Donovan Mitchell
73%
Heat SG Duncan Robinson
73%
Nuggets PG Jamal Murray
73%
Hawks PF John Collins
73%
Grizzlies C Jonas Valanciunas
73%
Jazz C Rudy Gobert
73%
Thunder SG Shai Gilgeous-Alexander
73%
Heat C Bam Adebayo
70%
Suns PG Chris Paul
70%
Spurs PF Demar DeRozan
70%
Pacers PF Domantas Sabonis
70%
Mavericks C Kristaps Porzingis
70%
Raptors PF Pascal Siakam
70%
76ers PG Ben Simmons
67%
Jazz PF Bojan Bogdanovic
67%
Cavaliers SG Collin Sexton
67%
Suns SG Devin Booker
67%
Magic | Nuggets SG Gary Harris
67%
Hornets SF Gordon Hayward
67%
Nets PF Joe Harris
67%
Rockets SG Kevin Porter Jr
67%
Pacers PG Malcolm Brogdon
67%
76ers PF Tobias Harris
67%
Bulls PG Coby White
63%
Magic PG Cole Anthony
63%
Kings PG De'Aaron Fox
63%
Suns C Deandre Ayton
63%
Spurs SG Derrick White
63%
Pelicans SG Eric Bledsoe
63%
Lakers SG Kentavious Caldwell-Pope
63%
Jazz PG Mike Conley
63%
Pacers C Myles Turner
63%
Clippers C Serge Ibaka
63%
Hornets PG Terry Rozier
63%
Thunder C Al Horford
60%
Timberwolves SG Anthony Edwards
60%
Kings SG Buddy Hield
60%
Mavericks SF Dorian Finney-Smith
60%
Hawks SG Kevin Huerter
60%
Clippers PG Patrick Beverley
60%
Timberwolves PG Ricky Rubio
60%
Knicks SF RJ Barrett
60%
Bulls | Magic C Wendell Carter Jr.
60%
Cavaliers PG Darius Garland
57%
Raptors SG Fred VanVleet
57%
Grizzlies SG Grayson Allen
57%
Cavaliers C Jarrett Allen
57%
Trail Blazers C Jusuf Nurkic
53%
Suns SF Mikal Bridges
53%
Grizzlies SF Dillon Brooks
50%
Kings SF Harrison Barnes
50%
Heat PG Kendrick Nunn
50%
Rockets C Christian Wood
47%
Hornets SG Devonte' Graham
47%
Bucks SG Donte DiVincenzo
47%
Pistons SF Jerami Grant
47%
Spurs SF Keldon Johnson
47%
Kings PF Marvin Bagley
47%
Raptors | Trail Blazers SF Norman Powell
47%
Knicks PG Elfrid Payton
43%
Suns PF Jae Crowder
43%
Trail Blazers PF Robert Covington
43%
Celtics PF Daniel Theis
40%
Rockets PF Kelly Olynyk
40%
Grizzlies PF Kyle Anderson
40%
Thunder SF Luguentz Dort
40%
Mavericks PF Maxi Kleber
40%
Nuggets PF Paul Millsap
40%
Hornets PF PJ Washington
40%
Hornets C Bismack Biyombo
37%
Hawks SF Cam Reddish
37%
Cavaliers SF Isaac Okoro
37%
Jazz SF Royce O'Neale
37%
Wizards PF Rui Hachimura
37%
Heat PF Trevor Ariza
37%
Nuggets SF Will Barton
37%
Rockets SF Jae'Sean Tate
33%
Warriors C Kevon Looney
33%
Cavaliers PF Larry Nance
33%
Pistons C Mason Plumlee
33%
Kings C Richaun Holmes
33%
Timberwolves SF Josh Okogie
30%
Knicks C Nerlens Noel
30%
Clippers PF Nicolas Batum
30%
Knicks SG Reggie Bullock
30%
Raptors C Aron Baynes
27%
Thunder PG George Hill
27%
Thunder PF Darius Bazley
23%
Pistons PG Delon Wright
23%
Mavericks SG Josh Richardson
23%
Warriors SG Kent Bazemore
23%
Pacers SF Doug McDermott
17%
Wizards C Moritz Wagner
17%
Magic PF Chuma Okeke
10%
Lakers PG Dennis Shroder
7%
Magic SF Dwayne Bacon
7%
Timberwolves PF Jaden McDaniels
7%
Pistons SG Wayne Ellington
7%
Bulls SF Garrett Temple
3%
Spurs C Jakob Poetlt
3%
Wizards SF Garrison Mathews
0%
No matching quizzes found
Score Distribution
Percent of People with Each Score
Percentile by Number Answered
Your Score History
You have not taken this quiz